| 000 | 01268cas a2200397 i 4500 | ||
|---|---|---|---|
| 001 | 200442294 | ||
| 999 |
_c200442294 _d60506 |
||
| 003 | TR-AnTOB | ||
| 005 | 20240809103326.0 | ||
| 007 | ta | ||
| 008 | 030506s19969999tu s 00000 tur | ||
| 020 | _a975191907X (1996) | ||
| 020 | _a9751923530 (1998) | ||
| 020 | _a9751927056 (1999) | ||
| 020 | _a9751933145 (2001) | ||
| 022 | _a1300-9370 | ||
| 040 |
_aBGZ _beng _erda _cBGZ _dTR-AnTOB |
||
| 041 | 0 |
_atur _aeng |
|
| 050 | 4 |
_aHF3756.5 _b.D47 |
|
| 090 |
_aHF3756.5 _b.D47 |
||
| 245 | 0 | 0 |
_aDış ticarette yoğunlaşma = _bConcentration in foreign trade. |
| 246 | 0 | 1 | _aConcentration in foreign trade. |
| 264 | 1 |
_aAnkara : _bT.C. Başbakanlık Devlet İstatistik Enstitüsü, _c1996- |
|
| 300 |
_avolumes : _bgraphics ; _c30 cm |
||
| 310 | _aAnnual | ||
| 336 |
_2rdacontent _atext _btxt |
||
| 337 |
_2rdamedia _aunmediated _bn |
||
| 338 |
_2rdacarrier _avolume _bnc |
||
| 490 | 0 |
_aDevlet İstatistik Enstitüsü ; _vyayın |
|
| 546 | _aEnglish and Turkish. | ||
| 651 | 7 |
_aTürkiye _xTicaret _vİstatistikler _vSüreli yayınlar _2etuturkob _9100034 |
|
| 710 |
_aDevlet İstatistik Enstitüsü (Türkiye) _961962 |
||
| 740 | 1 | 0 | _aConcentration in foreign trade. |
| 942 |
_2lcc _cCR |
||